| 000 | 00597nam a2200217 a 4500 | ||
|---|---|---|---|
| 008 | |||
| 020 | _a0080164366 (hbk.) | ||
| 049 | _aMAIN | ||
| 090 | _aTK1191 MOD | ||
| 110 | 2 | _aCentral Electricity Generating Board. | |
| 245 | 1 | 0 | _aModern power station practice. |
| 250 | _a3rd ed. | ||
| 300 |
_a201 p. : _bill. ; _c25 cm. |
||
| 504 | _aIncludes bibliographical references. | ||
| 650 | 0 | _aElectric power-plants. | |
| 907 |
_a.b1017493x _b18-01-07 _c09-09-05 |
||
| 003 | |||
| 005 | 20230123134106.0 | ||
| 040 | _cNUST | ||
| 942 |
_cBOOKS _kTK1191 MOD |
||
| 999 |
_c159891 _d159891 |
||